Cuentos de miedo, de amor y de risa /

Guardado en:
Autor Principal: Cabal, Graciela Beatriz
Formato: Libro
Publicado: Buenos Aires : Norma, 2008
Series:Torre de papel. Amarilla
Materias:
Etiquetas: Agregar Etiqueta
Sin Etiquetas, Sea el primero en etiquetar este registro!
LEADER 00801nam a22002295a 4500
001 CEM.cems013708
005 20120731180721.0
008 130507s2008##################000#0#####d
003 CEMS
020 |a 9789875454941 
082 0 4 |a A868.4 
100 1 |a Cabal, Graciela Beatriz 
245 1 0 |a Cuentos de miedo, de amor y de risa /  |c Graciela Beatriz Cabal 
260 |a Buenos Aires :  |b Norma,  |c 2008 
300 |a 112 p. 
490 0 |a Torre de papel. Amarilla 
500 |a Ilustraciones de Pablo Fernández 
505 0 |a "Los relatos de este libro están basados en tradiciones orales poco conocidas, urbanas, familiares, recogidas en forma personal" 
653 |a Literatura infantil 
653 |a Literatura argentina 
653 |a Cuentos 
859 |a CEMS  |b BIB. CEMS - 11 de abril  |h A868.4  |i C111  |p 26459.12  |t Ej.1